| 000 | 01154nam2a2200241 i 4500 | ||
|---|---|---|---|
| 001 | RU\NLR\BIBL_A\010450665 | ||
| 005 | 20240728161023.0 | ||
| 010 |
_a50934572011 _9200 |
||
| 035 | _a(NLR Aleph) 010450665 | ||
| 090 |
_a9926498 _c9926498 |
||
| 100 | _a20140813d2012 y0rusy50 ca | ||
| 101 | 0 | _arus | |
| 102 | _aRU | ||
| 105 | _ay ||z||||||a | ||
| 200 | 0 | _aКн. 2 | |
| 210 | _d2012 | ||
| 215 | _a407, [1] с. | ||
| 327 | 1 | _aСодерж.: Священная дилогия: 1. Давид, Царь иудейский. 2. Соломон, сын Давида; Шлейф; Отошедшие; Доблесть Авеля; Патрик и Оссиан; Мельница; Гора поэтов; Зрелость Царицы даров; Из грязи в князи; Таверна | |
| 461 | 0 |
_1001RU\NLR\bibl\1056798 _12000#$aТеатр$fМихаил Ловин$vКн. 2 _1700#1$aЛовин$bМ. В.$f1975-$gМихаил Валерьевич$4070 _9837071 _aЛовин, М. В. (1975-) _cС.-Петербург _d2007 _fМихаил Ловин _n[б. и.] _tТеатр _vКн. 2 |
|
| 942 | _cBOOK | ||
| 980 | _aNBR | ||